Метод и устройства программируемой электростимуляции мышц при патологической ходьбе; Медицинская техника; № 1

Bibliographic Details
Parent link:Медицинская техника=Biomedical Engineering: научно-технический журнал.— , 1976-.— 0025-8075
№ 1.— 2002.— С. 14-19
Main Author: Витензон А. С.
Other Authors: Буровой А. М.
Language:Russian
Published: 2002
Series:Исследования, конструирование и технология
Subjects:
Format: MixedMaterials Book Chapter
KOHA link:https://koha.lib.tpu.ru/cgi-bin/koha/opac-detail.pl?biblionumber=381717

MARC

LEADER 00000naa2a2200000 4500
001 381717
005 20231101062849.0
035 |a (RuTPU)RU\TPU\prd\4614 
090 |a 381717 
100 |a 20020611a2002 k y0rusy50 ca 
101 0 |a rus 
102 |a RU 
200 1 |a Метод и устройства программируемой электростимуляции мышц при патологической ходьбе  |f А. С. Витензон, А. М. Буровой 
225 1 |a Исследования, конструирование и технология 
320 |a Библиогр.: 9 назв. 
461 1 |0 (RuTPU)RU\TPU\prd\1623  |x 0025-8075  |t Медицинская техника  |l Biomedical Engineering  |o научно-технический журнал  |d 1976- 
463 1 |0 (RuTPU)RU\TPU\prd\2425  |t № 1  |v С. 14-19  |d 2002 
610 1 |a медицинская техника 
610 1 |a электростимуляция 
610 1 |a программирование 
610 1 |a устройства 
610 1 |a патологическая ходьба 
610 1 |a мышцы 
610 1 |a исскуственая коррекция движения 
675 |a 615.844.03:616.74-009.1  |v 3 
700 1 |a Витензон  |b А. С. 
701 1 |a Буровой  |b А. М. 
801 1 |a RU  |b 63413507  |c 20020611  |g PSBO 
801 2 |a RU  |b 63413507  |c 20120914  |g PSBO 
942 |c BK